| 000 | 00471nam a22001697a 4500 | ||
|---|---|---|---|
| 008 | 131030b xxu||||| |||| 00| 0 eng d | ||
| 020 | _a9-7881-8038-6671 | ||
| 082 |
_221 ed. _a347.05 _bJAI |
||
| 100 | _aJain, MP | ||
| 245 |
_aMP Jain : the code of civil procedure _c MP Jain |
||
| 250 | _a3 ed. | ||
| 260 |
_aIndia : _bLexisNexis _c2011 |
||
| 300 |
_acviii, 1464 P. ; _c23 cm. |
||
| 500 | _aIncludes Index | ||
| 650 | _aThe code of civil procedure | ||
| 942 |
_2ddc _cBK |
||
| 999 |
_c5819 _d5819 |
||